Baby Names: 4 Letter Boy Names by Decade Quiz Stats

Quiz Updated Jan 28, 2013

Challenge
Share
Tweet
Embed
Score 0/130 Timer 08:00
18 Plays Today
% Correct
John
94.9%
John
94.8%
John
94.8%
John
94.8%
John
94.8%
John
94.8%
John
94.8%
John
94.8%
John
94.8%
John
94.8%
John
94.8%
John
94.8%
John
94.8%
Paul
79.8%
Paul
79.8%
Paul
79.8%
Paul
79.8%
Paul
79.8%
Paul
79.8%
Paul
79.8%
Paul
79.8%
Paul
79.8%
Paul
79.8%
Paul
79.8%
Mark
78.9%
Mark
78.9%
Mark
78.9%
Mark
78.9%
Mark
78.9%
Mark
78.9%
Mike
74.2%
Mike
74.2%
Jack
73.7%
Jack
73.7%
Jack
73.7%
Jack
73.7%
Jack
73.7%
Jack
73.7%
Jack
73.7%
Jack
73.7%
Jack
73.7%
Will
71.7%
Will
71.7%
Will
71.7%
% Correct
Bill
69.1%
Bill
69.1%
Luke
66.1%
Fred
64.1%
Fred
64.1%
Fred
64.1%
Fred
64.1%
Fred
64.1%
Fred
64.1%
Fred
64.1%
Adam
61.9%
Adam
61.9%
Adam
61.9%
Carl
59%
Carl
59%
Carl
59%
Carl
59%
Carl
59%
Carl
59%
Carl
59%
Carl
59%
Sean
55.8%
Sean
55.8%
Sean
55.8%
Ryan
53.2%
Ryan
53.2%
Ryan
53.2%
Ryan
53.2%
Eric
51.5%
Eric
51.5%
Eric
51.5%
Eric
51.5%
Eric
51.5%
Alan
51.2%
Alan
51.2%
Kyle
46%
Kyle
46%
Kyle
46%
Gary
45%
Gary
45%
Gary
45%
Gary
45%
Gary
45%
Jose
44.8%
% Correct
Jose
44.8%
Jose
44.8%
Evan
44.4%
Chad
41.9%
Chad
41.9%
Jeff
40.4%
Tony
39%
Noah
35.7%
Juan
34.7%
Juan
34.7%
Leon
33.9%
Leon
33.9%
Leon
33.9%
Leon
33.9%
Bert
32.3%
Earl
30.5%
Earl
30.5%
Earl
30.5%
Earl
30.5%
Earl
30.5%
Earl
30.5%
Earl
30.5%
Dale
29.1%
Dale
29.1%
Dale
29.1%
Dale
29.1%
Dale
29.1%
Todd
27.9%
Todd
27.9%
Hugh
26.6%
Hugh
26.6%
Hugh
26.6%
Hugh
26.6%
Troy
25.2%
Cody
24.9%
Glen
23.9%
Luis
23.4%
Gene
23.1%
Gene
23.1%
Otto
17.8%
Otto
17.8%
Otis
14.5%

You're not logged in!

Compare scores with friends on all Sporcle quizzes.
Join for Free
OR
Log In

You Might Also Like...

Show Comments

Extras

Top Quizzes Today


Score Distribution

Your Account Isn't Verified!

In order to create a playlist on Sporcle, you need to verify the email address you used during registration. Go to your Sporcle Settings to finish the process.

Report this User

Report this user for behavior that violates our Community Guidelines.

Details: